Paisajes del cuerpo /

Đã lưu trong:
Chi tiết về thư mục
Tác giả chính: Durán, María Angeles
Định dạng: Texto
Các nhãn: Thêm thẻ
Không có thẻ, Là người đầu tiên thẻ bản ghi này!

MARC

LEADER 00000 a a2200000 04500
001 45849
003
040
100 |a Durán, María Angeles  
245 |a Paisajes del cuerpo /  |c María Angeles Durán  
773 |g páginas 27-61  
999 |c 38660  |d 38660